Eines per a la participació ciutadana : guia de debat : desenvolupant el reglament municipal de participació ciutadana guia de debat :
Descripción Física:
87 p. ; 30 cm
Colección:
Papers de participació ciutadana ; 15
MARC
| LEADER | 00000nam a2200000Ia 4500 | ||
|---|---|---|---|
| 001 | 17228 | ||
| 008 | 160829s2004 xx 000 0 cat d | ||
| 080 | |a M-5-187 | ||
| 245 | |a Eines per a la participació ciutadana : |b guia de debat : |b desenvolupant el reglament municipal de participació ciutadana | ||
| 260 | |a Barcelona : |b Diputació. Xarxa de municipis, |c 2004 | ||
| 300 | |a 87 p. ; |c 30 cm | ||
| 490 | |a Papers de participació ciutadana ; 15 | ||
| 590 | |a A la coberta: Flor de Maig, Centre per a la Participació Ciutadana | ||
| 650 | |a Administració local |x Participació ciutadana |9 27440 | ||
| 650 | |a Participació política |9 19716 | ||
| 650 | |a Participació social |9 19717 | ||
| 710 | |a Flor de Maig |9 54173 | ||
| 710 | 1 | |a Barcelona (Catalunya : Província). |b Diputació |9 52408 | |
| 901 | |a Arxiu | ||
| 942 | |n 1 | ||
| 952 | |0 0 |1 0 |4 0 |6 M5187 |7 1 |9 44391 |a Arxiu |b Arxiu |d 2016-12-01 |l 0 |o M-5-187 |p 17228 |r 2016-12-01 00:00:00 |w 2016-12-01 |y ARXIU | ||
| 999 | |c 46972 |d 46972 | ||